000 00462cam a22001812 4500
001 0000000487
005 20151217155802.0
008 070205s xx 000 0 eng d
040 _aKABU
_cKABU
050 0 _aDT425
_b.M33
100 1 _aMacqueen, Peter.
_@0000148694
245 1 0 _aIn wildest Africa.
260 _aLondon :
_bG. Bell,
_c1910.
300 _a394 p.
908 _a070205
950 _@1
999 _c12350
_d12350